000
00339nam a2200145Ia 4500
008
181130s2018 xx 000 0 und d
100
_a
Kumar, Ankush
245
_a
Sanitation roadmap for clean India
260
_c
2018
300
_a
p.48-50.
504
_d
Jun
650
_a
Sanitation
773
_a
Kurukshetra
906
_a
Sanitation
999
_c
506803
_d
506803